Marketing Management (Record no. 15145)
[ view plain ]
| 000 -LEADER | |
|---|---|
| fixed length control field | 00190nam a2200085Ia 4500 |
| 008 - FIXED-LENGTH DATA ELEMENTS--GENERAL INFORMATION | |
| fixed length control field | 170617s9999 xx 000 0 und d |
| 100 ## - MAIN ENTRY--PERSONAL NAME | |
| Personal name | Rao Devala |
| 245 #0 - TITLE STATEMENT | |
| Title | Marketing Management |
| 260 ## - PUBLICATION, DISTRIBUTION, ETC. | |
| Name of publisher, distributor, etc. | Birla Pub |
| 260 ## - PUBLICATION, DISTRIBUTION, ETC. | |
| Date of publication, distribution, etc. | 2007 |
| Withdrawn status | Lost status | Source of classification or shelving scheme | Damaged status | Not for loan | Home library | Current library | Date acquired | Cost, normal purchase price | Total Checkouts | Barcode | Date last seen | Date last checked out | Price effective from | Koha item type | Total Renewals |
|---|---|---|---|---|---|---|---|---|---|---|---|---|---|---|---|
| IIMT University College of Medical Sciences | IIMT University College of Medical Sciences | 06/22/2017 | 495.00 | 1 | 02-B-3347 | 03/04/2021 | 02/18/2021 | 06/22/2017 | Text-Book- for 7 days | ||||||
| IIMT University College of Medical Sciences | IIMT University College of Medical Sciences | 06/22/2017 | 495.00 | 2 | 02-B-3348 | 07/26/2021 | 04/16/2021 | 06/22/2017 | Text-Book- for 7 days | 1 | |||||
| IIMT University College of Medical Sciences | IIMT University College of Medical Sciences | 06/22/2017 | 495.00 | 02-B-3349 | 06/22/2017 | 06/22/2017 | Text-Book- for 7 days | ||||||||
| IIMT University College of Medical Sciences | IIMT University College of Medical Sciences | 06/22/2017 | 495.00 | 02-B-3350 | 06/22/2017 | 06/22/2017 | Text-Book- for 7 days |

